Alleati mortali /

में बचाया:
ग्रंथसूची विवरण
मुख्य लेखक: Haig, Brian (लेखक)
अन्य लेखक: Banfi, Elisa, Cantalupi, Rosangela
स्वरूप: पुस्तक
भाषा:इतालवी
प्रकाशित: Milano : Rizzoli, 2002
श्रृंखला:La scala
टैग: टैग जोड़ें
कोई टैग नहीं, इस रिकॉर्ड को टैग करने वाले पहले व्यक्ति बनें!

MARC

LEADER 00000nam a22000007i 4500
001 IT\ICCU\LO1\0719226
003 ItRI
005 20260217234330.0
008 021121s2002 it |||||| ||||| |||||c
020 |a 8817871338 
040 |b ita  |c arcigay verona 
041 7 |a ita  |2 ISO-639-2 
100 1 |a Haig, Brian  |0 IT\ICCU\RAVV\257615  |4 aut 
240 1 0 |a Mortal allies  |9 Haig, Brian 
245 1 0 |a Alleati mortali /  |c Brian Haig ; traduzione di Elisa Banfi e Rosangela Cantalupi. 
260 |a Milano :  |b Rizzoli,  |c 2002 
300 |a 608 p. ;  |c 23 cm. 
700 1 |a Banfi, Elisa  |0 IT\ICCU\LO1V\249655 
700 1 |a Cantalupi, Rosangela  |0 IT\ICCU\LO1V\249656 
830 3 |a La scala  |0 IT\ICCU\CFI\0000061 
942 |2 ddc  |c BK 
952 |0 0  |1 0  |2 ddc  |4 0  |6 813_600000000000000_HAI_ALL  |7 0  |9 33050  |a VR  |b VR  |d 2026-02-17  |i 127  |l 0  |o 813.6 HAI ALL  |p OBE-127  |r 2026-02-17 23:44:20  |w 2026-02-17  |y BK 
999 |c 28713  |d 28713